Loading...
| Fine Arts - Classical Music | 2 | 0.00 | 0% | 0% | 0% |
| Fine Arts - Other | 5 | 2.00 | 20% | 0% | 0% |
| Fine Arts - Painting and Sculpture | 4 | 7.50 | 50% | 25% | 0% |
| Geography | 1 | 20.00 | 100% | 100% | 0% |
| History - American | 1 | 30.00 | 100% | 100% | 100% |
| History - European | 3 | 13.33 | 67% | 67% | 0% |
| History - Other | 1 | 10.00 | 100% | 0% | 0% |
| History - World | 4 | 15.00 | 100% | 50% | 0% |
| Literature - American | 1 | 10.00 | 100% | 0% | 0% |
| Literature - British | 2 | 10.00 | 50% | 50% | 0% |
| Literature - European | 3 | 10.00 | 100% | 0% | 0% |
| Literature - World | 4 | 12.50 | 100% | 25% | 0% |
| Other Academic | 1 | 10.00 | 100% | 0% | 0% |
| Philosophy | 1 | 10.00 | 100% | 0% | 0% |
| Pop Culture | 1 | 20.00 | 100% | 0% | 100% |
| Religion | 2 | 10.00 | 100% | 0% | 0% |
| Science - Biology | 2 | 15.00 | 50% | 50% | 50% |
| Science - Chemistry | 3 | 6.67 | 67% | 0% | 0% |
| Science - Other | 4 | 7.50 | 75% | 0% | 0% |
| Science - Physics | 2 | 10.00 | 100% | 0% | 0% |
| Social Science | 2 | 10.00 | 50% | 50% | 0% |